| 000 | 00460cam a2200181ua 4500 | ||
|---|---|---|---|
| 005 | 20240423051946.0 | ||
| 008 | 120216n ii |||gr||||Z||||||asm | ||
| 040 | _cMAIN | ||
| 082 | _a398.2049145 | ||
| 100 | _aGogoi, Lila, | ||
| 245 | 1 |
_aAsamiya lok-sahityar ruprekha _cby Lila Gogoi |
|
| 250 | _a2nd. | ||
| 260 |
_aDibrugarh: _bStudents emporium,984. |
||
| 300 |
_avii; 244p: _c23cm. |
||
| 653 | _aFolklore | ||
| 653 | _aAssamese culture | ||
| 942 |
_cBK _2ddc |
||
| 999 |
_c2256 _d2256 |
||